| 000 | 00478nmm a2200169Ia 4500 | ||
|---|---|---|---|
| 008 | 251105s9999||||xx |||||||||||||||||und|| | ||
| 020 | _a9788498303421 | ||
| 041 | _abaq | ||
| 100 | _aVarios autores | ||
| 245 | 0 | _aZigor kodea/Código Penal | |
| 264 |
_a[Madrid, España] : _bUniversidad de Deusto, _c2012 |
||
| 300 | _a276 páginas | ||
| 490 | _aGranate - Derecho Textos Legales | ||
| 650 | _aLaw | ||
| 856 | _uhttps://public.digitaliapublishing.com/a/18152 | ||
| 942 | _cCF | ||
| 999 |
_c91590 _d91590 |
||